The travelling belly (Record no. 140424)

MARC details
000 -LEADER
fixed length control field 00592nam a22001817a 4500
005 - DATE AND TIME OF LATEST TRANSACTION
control field 20170525105049.0
010 ## - LCCN (DPL NO)
LC control number ENG-118393
020 ## - INTERNATIONAL STANDARD BOOK NUMBER
International Standard Book Number 9789350099100
Terms of availability 399.00
035 ## - SYSTEM CONTROL NUMBER
System control number EN-101925
037 ## - SOURCE OF ACQUISITION
Source of stock number/acquisition DBAD/PUB
082 ## - DEWEY DECIMAL CLASSIFICATION NUMBER
Classification number 641.013
100 ## - MAIN ENTRY--PERSONAL NAME
Personal name Karmakar, Kalyan
245 ## - TITLE STATEMENT
Title The travelling belly
Remainder of title Eating through india's ny-lanes /
Statement of responsibility, etc by Kalyan Karmakar
260 ## - PUBLICATION, DISTRIBUTION, ETC. (IMPRINT)
Place of publication, distribution, etc Gurgaon
Name of publisher, distributor, etc Hachette Book Publishing
Date of publication, distribution, etc 2016
270 ## - ADDRESS
Address 4th & 5th Floors, Corporate Centre, Plot No. 94, Sector-44, Gurgaon-122003
300 ## - PHYSICAL DESCRIPTION
Extent x,307p
Dimensions 20cm.(pbk)
942 ## - ADDED ENTRY ELEMENTS (KOHA)
Source of classification or shelving scheme Dewey Decimal Classification
Item type English Books
Classification part 641.013
Call number suffix KAR
Holdings
Withdrawn status Lost status Not for loan Collection code Home library Current library Date acquired Source of acquisition Cost, normal purchase price Full call number Barcode Copy number Cost, replacement price Koha item type
      Non-fiction Patel Nagar Patel Nagar 25/05/2017 DBAD/PUB 399.00 641.013 KAR EN-101925 1 399.00 English Books

© Delhi Public Library
Hit Counter
free hit counter